[Event "Pricenet Cup"]
[Site "Olomouc CZE"]
[Date "2001.08.08"]
[Round "10"]
[White "Krejci,J"]
[Black "Bjornsson,S"]
[Result "1-0"]
[WhiteElo "2319"]
[BlackElo "2297"]

1.e4 e5 2.Nf3 Nc6 3.Bb5 a6 4.Ba4 Nf6 5.O-O Be7 6.Re1 b5 7.Bb3 d6 8.c3 O-O
9.h3 Bb7 10.d4 Re8 11.Nbd2 Bf8 12.d5 Ne7 13.Nf1 h6 14.N3h2 c6 15.Ng4 Nxg4
16.hxg4 cxd5 17.exd5 Ng6 18.Ng3 Bc8 19.Bc2 Be7 20.Ne4 Rf8 21.a4 Rb8 22.axb5 axb5
23.Ra7 Rb7 24.Ra8 Qd7 25.g5 hxg5 26.Bxg5 Bxg5 27.Nxg5 Nf4 28.Re3 g6 29.Ne4 Kg7
30.Ra6 Rh8 31.Nxd6 Qe7 32.g3 Qg5 33.Qf3 Bg4 34.Qe4 Re7 35.Kf1 Bh3+ 36.Ke1 Ng2+
37.Kd2 Nxe3 38.Qxe3 Qg4 39.Nxb5 Bf1 40.Ra7 Rxa7 41.Nxa7 Re8 42.Nc6 Bc4 43.Nb4 Qd7
44.Qe4 Qb5 45.Bd3 Bxd3 46.Qxd3 Qc5 47.Qe3 Qa5 48.Qe2 Qa1 49.Kc2 f5 50.Qb5 Qa8
51.Nc6 e4 52.Nd4 e3 53.Ne6+ Rxe6 54.Qd7+ Kh6 55.Qxe6 Qa4+ 56.Kd3 exf2 57.Qe3+ Kh5
58.Qxf2 Qe4+ 59.Kd2 Qxd5+ 60.Ke1 g5 61.Qc2 g4 62.Kf2 Qc6 63.Kg1 Qc5+ 64.Kh2 Qd5
65.b4 Qd6 66.Qf2 Qd5 67.Qe2 Qd6 68.b5 f4 69.Qe8+ Kg5 70.Qg8+ Kh5 71.Qf7+ Kg5
72.Qxf4+  1-0

[Event "Nordic Championships"]
[Site "Bergen NOR"]
[Date "2001.08.09"]
[Round "6"]
[White "Edvardsen,R"]
[Black "Matras,A"]
[Result "1/2-1/2"]
[WhiteElo "2023"]
[BlackElo "2218"]

1.e4 e5 2.Nf3 Nc6 3.Bb5 a6 4.Ba4 Nf6 5.O-O Be7 6.Re1 b5 7.Bb3 d6 8.c3 O-O
9.h3 Bb7 10.d4 Re8 11.Nbd2 Bf8 12.d5 Nb8 13.Nf1 Nbd7 14.g4 g6 15.Ng3 Nc5
16.Bc2 c6 17.b4 Na4 18.Bxa4 bxa4 19.c4 cxd5 20.cxd5 Nd7 21.Qxa4 a5 22.Be3 axb4
23.Qxb4 Ba6 24.Qd2 Nb6 25.Bxb6 Qxb6 26.Rab1 Qa7 27.Rec1 Rec8 28.Rxc8 Bxc8
29.Rb2 Qa3 30.Ne1 Be7 31.Qb4 Qa6 32.Qb5 Qa7 33.Qb6 Qa3 34.Qb4 Qa6  1/2-1/2

[Event "TCh-ESP Div 2"]
[Site "Vila Real ESP"]
[Date "2001.08.13"]
[Round "1"]
[White "Hernandez,Gi"]
[Black "Garbisu de Goni,U"]
[Result "1/2-1/2"]
[WhiteElo "2567"]
[BlackElo "2414"]

1.e4 e5 2.Nf3 Nc6 3.Bb5 a6 4.Ba4 Nf6 5.O-O Be7 6.Re1 b5 7.Bb3 d6 8.c3 O-O
9.h3 Bb7 10.d4 Re8 11.Nbd2 Bf8 12.a4 h6 13.d5 Nb8 14.axb5 axb5 15.Rxa8 Bxa8
16.Nf1 Nbd7 17.Ng3 g6 18.Nh2 Qe7 19.Qf3 Bg7 20.Bd2 Nc5 21.Bc2 c6 22.dxc6 Bxc6
23.Ng4 Nxg4 24.hxg4 Ra8 25.b4 Ne6 26.Bb3 Ra3 27.Rb1 Qb7 28.Bc1 Ra8 29.Be3  1/2-1/2

[Event "Lost Boys Open"]
[Site "Amsterdam NED"]
[Date "2001.08.16"]
[Round "6"]
[White "Van der Hoeven,G"]
[Black "Witt,R"]
[Result "1/2-1/2"]
[WhiteElo "2356"]
[BlackElo "2280"]

1.e4 e5 2.Nf3 Nc6 3.Bb5 a6 4.Ba4 Nf6 5.O-O Be7 6.Re1 b5 7.Bb3 O-O 8.c3 d6
9.h3 Bb7 10.d4 Re8 11.Ng5 Rf8 12.Nf3 Re8 13.Nxe5 Rf8 14.Nf3  1/2-1/2

[Event "IV Pyramiden-Franken"]
[Site "Fuerth GER"]
[Date "2001.08.21"]
[Round "4"]
[White "Jansa,Vl"]
[Black "Ibragimov,I"]
[Result "0-1"]
[WhiteElo "2466"]
[BlackElo "2579"]

1.e4 e5 2.Nf3 Nc6 3.Bb5 a6 4.Ba4 Nf6 5.O-O Be7 6.Re1 b5 7.Bb3 d6 8.c3 O-O
9.h3 Bb7 10.d4 Re8 11.Nbd2 Bf8 12.d5 Nb8 13.Nf1 Nbd7 14.N3h2 Nc5 15.Bc2 a5
16.Ng4 Be7 17.Nxf6+ Bxf6 18.Be3 c6 19.Qe2 Qc7 20.Rad1 Rad8 21.Ng3 g6 22.b4 Na4
23.Bxa4 bxa4 24.dxc6 Bxc6 25.b5 Bd7 26.c4 Be6 27.Rc1 Rc8 28.Rc3 Qb7 29.Rec1 Bh4
30.Qd3 Qd7 31.Nf1 f5 32.f3 f4 33.Bf2 Bxf2+ 34.Kxf2 Qa7+ 35.Ke1 Qb6 36.Qc2 Rc7
37.Qf2 Rc5 38.Nd2 Rec8 39.Kf1 g5 40.Ke1 Kf7 41.h4 Qd8 42.hxg5 Qxg5 43.b6 Rb8
44.Rb1 Qg3 45.Rc2 Rb7 46.Rcb2 Bxc4 47.Qxg3 fxg3 48.Nxc4 Rxc4 49.Kd2 h5 50.Rc2 Rxc2+
51.Kxc2 Ke6 52.a3 h4 53.Rh1 Rxb6 54.Rxh4 Rb3 55.Rg4 Rxa3 56.Rxg3 Ra2+ 57.Kc3 Rf2
58.Rg7 a3 59.Ra7 Rxg2 60.Kd3 Rb2 61.Rxa5 Rb3+ 62.Ke2 Kd7 63.Kf2 Kc7 64.Kg3 Kb6
65.Ra8 Kc5 66.Kg4 Kb4 67.Ra6 Rd3 68.f4 exf4 69.Kxf4 Kb3 70.Rb6+ Kc2 71.Ra6 Kb2
72.Rb6+ Ka1 73.e5 dxe5+ 74.Kxe5 a2 75.Ke4 Rd1 76.Rb8 Rb1 77.Ra8 Kb2 78.Rb8+ Kc3
79.Rc8+ Kd2  0-1

[Event "CHN-RUS Rapid Match"]
[Site "Beijing CHN"]
[Date "2001.09.05"]
[Round "1"]
[White "Svidler,P"]
[Black "Zhang Zhong"]
[Result "0-1"]
[WhiteElo "2695"]
[BlackElo "2667"]

1.e4 e5 2.Nf3 Nc6 3.Bb5 a6 4.Ba4 Nf6 5.O-O Be7 6.Re1 b5 7.Bb3 d6 8.c3 O-O
9.h3 Bb7 10.d4 Re8 11.Nbd2 Bf8 12.a4 Qd7 13.d5 Ne7 14.Nf1 Ng6 15.Ng3 Nf4
16.Be3 c6 17.dxc6 Bxc6 18.Ng5 d5 19.axb5 axb5 20.Rxa8 Bxa8 21.exd5 N6xd5
22.Nh5 Nxh5 23.Qxh5 h6 24.Nf3 g6 25.Qh4 Nxe3 26.Rxe3 Bg7 27.Qg3 Qf5 28.Nh4 Qb1+
29.Kh2 g5 30.Nf3 Qxb2 31.Nd4 Rc8 32.Qg4 Rf8 33.Qe2 Qa3 34.Nf5 Qxb3 35.Rxe5 Qc4  0-1

[Event "Najdorf Memorial"]
[Site "Buenos Aires ARG"]
[Date "2001.09.05"]
[Round "2"]
[White "Xie Jun"]
[Black "Mecking,H"]
[Result "1/2-1/2"]
[WhiteElo "2553"]
[BlackElo "2552"]

1.e4 e5 2.Nf3 Nc6 3.Bb5 a6 4.Ba4 Nf6 5.O-O Be7 6.Re1 b5 7.Bb3 d6 8.c3 O-O
9.h3 Bb7 10.d4 Re8 11.Nbd2 Bf8 12.d5 Nb8 13.Nf1 Nbd7 14.Ng3 g6 15.a3 Nb6
16.Bg5 c6 17.dxc6 Bxc6 18.Qd2 Nc4 19.Qe2 h6 20.Bxf6 Qxf6 21.Bxc4 bxc4 22.Qxc4 Rec8
23.Qe2 a5 24.Red1 Ba4 25.Rd2 Qe7 26.Nf1 Qb7 27.Re1 Rab8 28.N3h2 Qb5 29.Qe3 Qb6
30.Qd3 Qb5 31.Qe3 Qb6  1/2-1/2

[Event "Najdorf Memorial"]
[Site "Buenos Aires ARG"]
[Date "2001.09.08"]
[Round "5"]
[White "Milos,G"]
[Black "Xie Jun"]
[Result "1/2-1/2"]
[WhiteElo "2614"]
[BlackElo "2553"]

1.e4 e5 2.Nf3 Nc6 3.Bb5 a6 4.Ba4 Nf6 5.O-O Be7 6.Re1 b5 7.Bb3 d6 8.c3 O-O
9.h3 Bb7 10.d4 Re8 11.Nbd2 Bf8 12.d5 Nb8 13.Nf1 Nbd7 14.N3h2 h6 15.Ng4 Nxg4
16.hxg4 Be7 17.Ng3 Bg5 18.a4 Bxc1 19.Qxc1 Nc5 20.Bc2 bxa4 21.Bxa4 Nxa4 22.Rxa4 c6
23.c4 c5 24.Qd2 Bc8 25.f3 Bd7 26.Ra3 Qh4 27.Qf2 Reb8 28.Rea1 Bc8 29.b3 Rb6
30.Ne2 Qg5 31.Nc1 Rab8 32.R3a2 Rb4 33.Qd2 Qh4 34.Qf2 Qg5 35.Kf1 Ra8 36.Ke2 a5
37.Kd1 Qd8 38.Ra3 Bd7 39.Nd3 Rb7 40.Qd2 Rba7 41.Qc3  1/2-1/2

[Event "9th Asian Women"]
[Site "Chennai IND"]
[Date "2001.09.10"]
[Round "9"]
[White "Aarthie,R"]
[Black "Li Ruofan"]
[Result "0-1"]
[WhiteElo "2249"]
[BlackElo "2293"]

1.e4 e5 2.Nf3 Nc6 3.Bb5 a6 4.Ba4 Nf6 5.O-O Be7 6.Re1 b5 7.Bb3 d6 8.c3 O-O
9.h3 Bb7 10.d4 Re8 11.Nbd2 Bf8 12.a4 h6 13.Bc2 exd4 14.cxd4 Nb4 15.Bb1 c5
16.d5 Nd7 17.Ra3 c4 18.Nd4 Qf6 19.N2f3 Nc5 20.axb5 axb5 21.Nxb5 Rxa3 22.Nxa3 Ba6
23.Re3 Rb8 24.Ne1 g6 25.Rc3 Nbd3 26.Nxd3 cxd3 27.Bxd3 Nxd3 28.Rxd3 Bxd3 29.Qxd3 Bg7
30.Nc4 Qd4 31.Qxd4 Bxd4 32.Bf4 Rb4 33.Nxd6 Rxb2 34.Bg3 Rb1+ 35.Kh2 Rf1 36.Nc4 Bxf2
37.Bxf2 Rxf2 38.Kg3 Ra2 39.Kf3 f6 40.Ne3 Kf7 41.g4 g5 42.Nf5 Ra3+ 43.Kg2 Kg6
44.Ne7+ Kf7 45.Nf5 Ke8 46.Nxh6 Kd7 47.Nf5 Rb3 48.h4 gxh4 49.Nxh4 Re3 50.Nf5 Rxe4
51.Kf3 Re5 52.d6 Ke6 53.Kf4 Ra5 54.Kg3 Ra1 55.Kf4 Rg1 56.Kf3 Ke5 57.Ne3  0-1

[Event "ch-Africa"]
[Site "Cairo EGY"]
[Date "2001.09.20"]
[Round "5"]
[White "Kobese,W"]
[Black "El Taher,F"]
[Result "1/2-1/2"]
[WhiteElo "2373"]
[BlackElo "2477"]

1.e4 e5 2.Nf3 Nc6 3.Bb5 a6 4.Ba4 Nf6 5.O-O Be7 6.Re1 b5 7.Bb3 O-O 8.c3 d6
9.h3 Bb7 10.d4 Re8 11.Nbd2 Bf8 12.d5 Nb8 13.Nf1 Nbd7 14.N3h2 h6 15.Ng3 Nc5
16.Bc2 a5 17.a4 bxa4 18.Be3 Nfd7 19.Nf5 Rb8 20.Bxa4 Nxa4 21.Rxa4 c6 22.c4 Nb6
23.Bxb6 Qxb6 24.Qd2 Bc8 25.Ne3 Qd4 26.Qxa5 cxd5 27.cxd5 Qxb2 28.Rc4 Be7  1/2-1/2

[Event "ECC"]
[Site "Panormo GRE"]
[Date "2001.09.24"]
[Round "2"]
[White "Schmidt,M"]
[Black "Edvardsson,K"]
[Result "1/2-1/2"]
[WhiteElo "2104"]
[BlackElo "2245"]

1.e4 e5 2.Nf3 Nc6 3.Bb5 a6 4.Ba4 Nf6 5.O-O Be7 6.Re1 b5 7.Bb3 d6 8.c3 O-O
9.h3 Bb7 10.d4 Re8 11.Nbd2 Bf8 12.a3 h6 13.Bc2 g6 14.Nf1 Bg7 15.Ng3 Nd7 16.Be3 Qe7
17.Qd2 Qf8 18.a4 Nb6 19.axb5 Nc4 20.Qe2 axb5 21.Bb3 Nxe3 22.fxe3 Na5 23.Ba2 Bc6
24.b4 Nb7 25.Bb3 Bd7 26.Nh4 Kh7 27.Rxa8 Rxa8 28.Rf1 Qe7 29.Nf3 Be8 30.h4 Nd8
31.h5 Ne6 32.Bd5 c6 33.Bb3 Nc7 34.Nh2 d5 35.Nf3 dxe4 36.hxg6+ fxg6 37.Nxe4 exd4
38.exd4 Kh8 39.Re1 Nd5 40.Qd2 Ra3 41.Qb2 Ra8 42.Neg5 Qf6 43.Ne6 Bf7 44.Bxd5  1/2-1/2

[Event "1st Chess Week"]
[Site "Winterthur SUI"]
[Date "2001.10.10"]
[Round "6"]
[White "Pavlovic,Mi"]
[Black "Haas,C"]
[Result "1-0"]
[WhiteElo "2488"]
[BlackElo "2247"]

1.e4 e5 2.Nf3 Nc6 3.Bb5 a6 4.Ba4 Nf6 5.O-O Be7 6.Re1 b5 7.Bb3 O-O 8.h3 d6
9.c3 Bb7 10.d4 Nb8 11.Nbd2 Nbd7 12.Bc2 Re8 13.Nf1 Bf8 14.Ng3 g6 15.a4 c5
16.d5 c4 17.Bg5 Be7 18.Qd2 h5 19.Be3 Qc7 20.Rf1 Nc5 21.Ng5 h4 22.Ne2 Nh5
23.Kh2 Rab8 24.axb5 axb5 25.g3 hxg3+ 26.fxg3 Rf8 27.g4 Nf4 28.Nxf4 Bxg5 29.Nh5 Bxe3
30.Qxe3 f5 31.Qg5 Kh7 32.gxf5 Qf7 33.fxg6+ Qxg6 34.Qe7+  1-0

[Event "TCh-CZE 2001-2"]
[Site "CZE"]
[Date "2001.10.21"]
[Round "2"]
[White "Hracek,Z"]
[Black "Stocek,J"]
[Result "1/2-1/2"]
[WhiteElo "2586"]
[BlackElo "2545"]

1.e4 e5 2.Nf3 Nc6 3.Bb5 a6 4.Ba4 Nf6 5.O-O Be7 6.Re1 b5 7.Bb3 d6 8.c3 O-O
9.h3 Bb7 10.d4 Re8 11.a4 h6 12.Nbd2 Bf8 13.d5 Ne7 14.Nf1 Ng6 15.N3h2 Nd7
16.Ba2 Nf4 17.a5 c6 18.dxc6 Bxc6 19.Qf3  1/2-1/2

[Event "EuTCh"]
[Site "Leon ESP"]
[Date "2001.11.08"]
[Round "3"]
[White "David,Alb"]
[Black "Dervishi,E"]
[Result "1/2-1/2"]
[WhiteElo "2522"]
[BlackElo "2501"]

1.e4 e5 2.Nf3 Nc6 3.Bb5 a6 4.Ba4 Nf6 5.O-O Be7 6.Re1 b5 7.Bb3 d6 8.c3 O-O
9.h3 Bb7 10.d4 Re8 11.Nbd2 Bf8 12.a4 h6 13.Bc2 exd4 14.cxd4 Nb4 15.Bb1 c5
16.d5 Nd7 17.Ra3 f5 18.Nh2 Nf6 19.Rf3 Re5 20.Rxf5 Rxf5 21.exf5 Bxd5 22.Ng4 Nxg4
23.Qxg4 Qd7 24.Nf1 Kh8 25.Re6 Qf7 26.Ne3 Re8 27.Rxe8 Qxe8 28.f6 gxf6 29.Qf5 Qf7
30.Nxd5 Nxd5 31.Qc8 Nb6 32.Qxa6 Qc4 33.Be3 Qxa4 34.Qxb6 Qd1+ 35.Kh2 Qxb1
36.Qxb5 Qg6 37.Qb8 Kg8 38.Bf4 f5 39.b4 cxb4 40.Qxb4 Qe6 41.Qd4 d5 42.Be5 Bc5
43.Qxc5 Qxe5+ 44.g3 f4 45.Qc2 Kg7 46.Kg2 h5 47.Kf3 fxg3 48.fxg3 Qf6+ 49.Kg2 d4
50.Qc7+  1/2-1/2

[Event "GMA"]
[Site "Bermuda BER"]
[Date "2002.01.25"]
[Round "5"]
[White "Handke,F"]
[Black "Vescovi,G"]
[Result "0-1"]
[WhiteElo "2450"]
[BlackElo "2590"]

1.e4 e5 2.Nf3 Nc6 3.Bb5 a6 4.Ba4 Nf6 5.O-O Be7 6.Re1 b5 7.Bb3 d6 8.c3 O-O
9.h3 Bb7 10.d4 Re8 11.Ng5 Rf8 12.Nf3 Re8 13.Nbd2 Bf8 14.d5 Nb8 15.Nf1 Nbd7
16.N3h2 h6 17.Ng3 Nc5 18.Bc2 c6 19.b4 Ncd7 20.dxc6 Bxc6 21.Bb3 Nb6 22.Ng4 Nc4
23.Nf5 Re6 24.Nfe3 Nxe4 25.Nd5 Ng5 26.Bxg5 Qxg5 27.Nc7 Rg6 28.Nxa8 Bxa8 29.g3 Qf5
30.Bc2 e4 31.Qe2 d5 32.Kg2 Bd6 33.a4 h5 34.Ne3 Qg5 35.Nxc4 bxc4 36.Rg1 h4
37.g4 Rf6 38.Kf1 Rf3 39.Rd1 Bc7 40.a5 Rxc3 41.Qd2 Qe5 42.g5 g6 43.Rg4 Rxh3
44.Ke2 Qf5  0-1

[Event "TCh-ISR"]
[Site "ISR"]
[Date "2002.02.02"]
[Round "4"]
[White "Tratatovici,M"]
[Black "Ruderfer,M"]
[Result "1/2-1/2"]
[WhiteElo "2335"]
[BlackElo "2339"]

1.e4 e5 2.Nf3 Nc6 3.Bb5 a6 4.Ba4 Nf6 5.O-O Be7 6.Re1 b5 7.Bb3 d6 8.c3 O-O
9.h3 Bb7 10.d3 Nb8 11.a4 Nbd7 12.axb5 axb5 13.Rxa8 Qxa8  1/2-1/2

[Event "Aeroflot Open"]
[Site "Moscow RUS"]
[Date "2002.02.06"]
[Round "3"]
[White "Firman,N"]
[Black "Obodchuk,A"]
[Result "1-0"]
[WhiteElo "2485"]
[BlackElo "2438"]

1.e4 e5 2.Nf3 Nc6 3.Bb5 a6 4.Ba4 Nf6 5.O-O Be7 6.Re1 b5 7.Bb3 d6 8.c3 O-O
9.h3 Bb7 10.d4 Re8 11.Nbd2 Bf8 12.a3 Nb8 13.Bc2 Nbd7 14.b3 c5 15.Bb2 g6 16.dxe5 dxe5
17.c4 Nh5 18.cxb5 axb5 19.a4 bxa4 20.Nc4 axb3 21.Bxb3 Rxa1 22.Qxa1 Bc8 23.Rd1 Qf6
24.Qa7 Nf4 25.Rxd7 Bxd7 26.Qxd7 Rd8 27.Qb7 Ne2+ 28.Kf1 Nd4 29.Nfxe5 Nxb3
30.Qxb3 Qe6 31.Ng4 Bg7 32.Bxg7 Kxg7 33.Qc3+ Rd4 34.Nd2 Qa6+ 35.Kg1 Qd3 36.Qxc5 Qxd2
37.Qe5+ Kf8 38.Qh8+ Ke7 39.Qf6+ Ke8 40.Kh2 Rd6 41.Qh8+ Ke7 42.e5 Re6 43.Qc8 h5
44.Qc5+ Ke8 45.Ne3 Qd7 46.Nd5 Qc6 47.Nc7+ Kd7 48.Nxe6 Qxe6 49.f4 Qf5 50.Qd4+ Ke8
51.Kg3 g5 52.Qe3 gxf4+ 53.Qxf4 Qg6+ 54.Kh2 Ke7 55.Qb4+ Ke8 56.Qb8+ Ke7 57.Qc7+ Ke6
58.Qd6+ Kf5 59.Qd5 Kf4 60.Qd4+ Kf5 61.Qe3 Ke6 62.Qf4 Qg7 63.Qc4+ Kf5 64.Qd3+ Ke6
65.Qb3+ Kf5 66.Qf3+ Ke6 67.Qxh5 Qg6 68.Qxg6+ fxg6 69.Kg3 Kxe5 70.Kg4 Kf6
71.h4 Kg7 72.Kg5 Kh7 73.h5  1-0

[Event "XVIII Open"]
[Site "Cappelle la Grande FRA"]
[Date "2002.02.10"]
[Round "2"]
[White "Zagrebelny,S"]
[Black "Husari,Sa"]
[Result "1-0"]
[WhiteElo "2503"]
[BlackElo "2397"]

1.e4 e5 2.Nf3 Nc6 3.Bb5 a6 4.Ba4 Nf6 5.O-O Be7 6.Re1 b5 7.Bb3 d6 8.c3 O-O
9.h3 Bb7 10.d4 Re8 11.Nbd2 Bf8 12.d5 Na5 13.Bc2 c6 14.b4 Nc4 15.Nxc4 bxc4
16.dxc6 Bxc6 17.Bg5 h6 18.Bxf6 Qxf6 19.Ba4 Bxa4 20.Qxa4 Qe6 21.Rad1 g6 22.Rd5 f5
23.Ra5 Qc8 24.Nh4 fxe4 25.Rxe4 g5 26.Nf3 Bg7 27.Nd2 Qf5 28.Qc6 Kh7 29.Qd5 Rf8
30.f3 Qf7 31.Qxf7 Rxf7 32.Rxc4 Rd8 33.Rd5 Rb7 34.Rc6 a5 35.b5 a4 36.Ne4 Bf8
37.c4 a3 38.Nxd6 Ra7 39.Ne4 Rxd5 40.Nf6+ Kg7 41.Nxd5 Kf7 42.b6 Ra8 43.Kf1 Rb8
44.Ke2  1-0

[Event "XVIII Open"]
[Site "Cappelle la Grande FRA"]
[Date "2002.02.11"]
[Round "3"]
[White "Luther,T"]
[Black "Solleveld,Maa"]
[Result "1/2-1/2"]
[WhiteElo "2573"]
[BlackElo "2413"]

1.e4 e5 2.Nf3 Nc6 3.Bb5 a6 4.Ba4 Nf6 5.O-O Be7 6.Re1 b5 7.Bb3 d6 8.c3 O-O
9.h3 Bb7 10.d4 Re8 11.Nbd2 Bf8 12.a4 h6 13.Bc2 exd4 14.cxd4 Nb4 15.Bb1 c5
16.d5 Nd7 17.Ra3 f5 18.Nh2 Nf6 19.Rf3 Re5 20.Rxf5 Rxf5 21.exf5 Bxd5 22.Ne4 Bxe4
23.Bxe4 d5 24.Bf3 c4 25.Re6 Nd3 26.Be3 Kh8 27.Bd4 Nf4 28.Rb6 Qc7 29.Ng4 Be7
30.Nxf6 Bxf6 31.g3 Nd3 32.Rxf6 gxf6 33.Bxf6+ Kh7 34.Bxd5 Qb6 35.Bxa8 Qxf6
36.Be4 Qd4 37.Qf3 Nxf2 38.Qxf2 Qxe4 39.Qa7+ Kg8 40.Qb8+ Kf7 41.Qa7+ Kg8 42.Qb8+ Kf7
43.Qa7+  1/2-1/2

[Event "10th Open"]
[Site "Valle d'Aosta ITA"]
[Date "2002.02.16"]
[Round "8"]
[White "Jakovenko,D"]
[Black "Bellia,F"]
[Result "1-0"]
[WhiteElo "2553"]
[BlackElo "2419"]

1.e4 e5 2.Nf3 Nc6 3.Bb5 a6 4.Ba4 Nf6 5.O-O Be7 6.Re1 b5 7.Bb3 d6 8.c3 O-O
9.h3 Bb7 10.d4 Re8 11.Nbd2 Bf8 12.a4 Qd7 13.d5 Ne7 14.Nf1 Ng6 15.N3h2 c6
16.Ng4 Nxg4 17.hxg4 cxd5 18.exd5 f5 19.gxf5 Qxf5 20.Ng3 Qf7 21.Ne4 Be7 22.g3 Rf8
23.axb5 axb5 24.Rxa8 Rxa8 25.Qd3 Qe8 26.Bd2 Bc8 27.Bc2 Bd7 28.Kg2 Qf7 29.f3 Ra2
30.Rb1 Qf5 31.Nf2 Qxd3 32.Bxd3 Nh8 33.c4 bxc4 34.Bxc4 Ra8 35.b4 Nf7 36.b5 Bc8
37.b6 Bb7 38.Ne4 h6 39.Nc3 Rc8 40.Bb5 Nd8 41.Kf2 Kf8 42.Ke2 Ra8 43.Kd3 Rc8
44.Ra1 Ra8 45.Ra7 Rb8 46.Be3 Rc8 47.Bc4 Rb8 48.Na2 Bg5 49.Bf2 Ke7 50.Nb4 Kd7
51.Bb5+ Kc8 52.Ra3  1-0

[Event "10th Open"]
[Site "Valle d'Aosta ITA"]
[Date "2002.02.16"]
[Round "8"]
[White "Tseitlin,Ma"]
[Black "Kraidman,Y"]
[Result "1-0"]
[WhiteElo "2486"]
[BlackElo "2305"]

1.e4 e5 2.Nf3 Nc6 3.Bb5 a6 4.Ba4 Nf6 5.O-O Be7 6.Re1 b5 7.Bb3 d6 8.c3 O-O
9.h3 Bb7 10.d4 Re8 11.Nbd2 Bf8 12.Bc2 Nb8 13.a4 Nbd7 14.Bd3 c6 15.b4 g6 16.Nb3 exd4
17.Na5 Rb8 18.axb5 cxb5 19.cxd4 d5 20.Nxb7 Rxb7 21.e5 Ne4 22.Qb3 Nb6 23.Rxa6 Nc4
24.Bxe4 dxe4 25.Rxe4 Qe7 26.d5 Qxb4 27.Qd3 Qc5 28.Bf4 Rd7 29.d6 Bg7 30.Qe2 Qd5
31.Rd4 Qb7 32.Ra2 Rxd6 33.exd6 Rxe2 34.d7 Rxa2 35.d8=Q+ Bf8 36.Rd7 Qe4 37.Rxf7 Qb1+
38.Kh2  1-0

[Event "Petrov Mem Open"]
[Site "St Petersburg RUS"]
[Date "2002.02.18"]
[Round "7"]
[White "Yagupov,I"]
[Black "Kryschilovskij,A"]
[Result "1-0"]
[WhiteElo "2466"]
[BlackElo "2346"]

1.e4 e5 2.Nf3 Nc6 3.Bb5 a6 4.Ba4 Nf6 5.O-O Be7 6.Re1 b5 7.Bb3 d6 8.c3 O-O
9.h3 Bb7 10.d4 Re8 11.Nbd2 Bf8 12.d5 Nb8 13.Nf1 h6 14.N3h2 c6 15.Ng4 Nbd7
16.dxc6 Bxc6 17.Ng3 Nxg4 18.hxg4 Nb6 19.Qf3 Nc4 20.Rd1 Ra7 21.Qd3 Qh4 22.Qe2 g6
23.Nf1 h5 24.Nh2 hxg4 25.Nxg4 Be7 26.Bxc4 bxc4 27.Nh6+ Kg7 28.Qxc4 Qxe4 29.Qxf7+ Kh8
30.f3 Qe2 31.Bd2 Bg5 32.Bxg5 Rxf7 33.Nxf7+ Kg7 34.Nxd6 Rh8 35.Rd2  1-0

[Event "ch-RUS Boys U20"]
[Site "Vladimir RUS"]
[Date "2002.03.03"]
[Round "3"]
[White "Prizant,J"]
[Black "Bryzgalin,K"]
[Result "0-1"]
[WhiteElo "2459"]
[BlackElo "2396"]

1.e4 e5 2.Nf3 Nc6 3.Bb5 a6 4.Ba4 Nf6 5.O-O Be7 6.Re1 b5 7.Bb3 O-O 8.c3 d6
9.h3 Bb7 10.d4 h6 11.Nbd2 Re8 12.a4 Bf8 13.Bc2 b4 14.a5 Qc8 15.Bd3 Rb8 16.d5 bxc3
17.bxc3 Na7 18.Nb3 c6 19.c4 cxd5 20.cxd5 Nb5 21.Be3 Nc3 22.Qc2 Ncxd5 23.exd5 e4
24.Qxc8 Rbxc8 25.Be2 exf3 26.Bxf3 Bxd5 27.Bxd5 Nxd5 28.Bd4 Rxe1+ 29.Rxe1 Be7
30.Rd1 Nf4 31.Bb6 g6 32.Nd4 Kf8 33.Kh2 Ke8 34.Rd2 Kd7 35.Nc2 Nd5 36.Rxd5 Rxc2
37.Rd3 Bf6 38.g3 Be5 39.Kg2 Kc6 40.Rb3 Rb2 41.Rf3 f5 42.Rd3 h5 43.h4 Kd7
44.Rd1 Rb5 45.f4 Bc3 46.Rc1 Rb2+ 47.Kf1 Rb3 48.Ke2 Ke6 49.Kd1  0-1

[Event "ch-RUS Boys U20"]
[Site "Vladimir RUS"]
[Date "2002.03.04"]
[Round "4"]
[White "Kuznetsov,Vi2"]
[Black "Klyashtorny,V"]
[Result "0-1"]
[WhiteElo "2367"]
[BlackElo "2327"]

1.e4 e5 2.Nf3 Nc6 3.Bb5 a6 4.Ba4 Nf6 5.O-O Be7 6.Re1 b5 7.Bb3 d6 8.c3 O-O
9.h3 Bb7 10.d4 Re8 11.Nbd2 Bf8 12.a4 h6 13.Bc2 exd4 14.cxd4 Nb4 15.Bb1 c5
16.d5 Nd7 17.Nf1 f5 18.exf5 Nf6 19.Ne3 Nbxd5 20.Ba2 c4 21.Nd4 Nxe3 22.Bxe3 Qd7
23.Qd2 d5 24.Ne6 Ne4 25.Qd4 Rac8 26.Bxh6 Rxe6 27.fxe6 Qxe6 28.Be3 Bc5 29.Qd1 d4
30.Bc1 Qd5 31.Qg4 Rf8 32.Bh6 Rf7 33.axb5 axb5 34.Qg6 Bc6 35.b3 d3 36.bxc4 Bxf2+
37.Kh1 Qe5  0-1

[Event "ch-RUS Boys U20"]
[Site "Vladimir RUS"]
[Date "2002.03.04"]
[Round "4"]
[White "Inarkiev,E"]
[Black "Smirnov,P"]
[Result "1-0"]
[WhiteElo "2500"]
[BlackElo "2510"]

1.e4 e5 2.Nf3 Nc6 3.Bb5 a6 4.Ba4 Nf6 5.O-O Be7 6.Re1 b5 7.Bb3 d6 8.c3 O-O
9.h3 Bb7 10.d4 Re8 11.Nbd2 Bf8 12.a3 g6 13.Bc2 Bg7 14.Nb3 Rb8 15.Bg5 h6 16.Bh4 Qd7
17.Nh2 Nh5 18.Ng4 Kh7 19.Ne3 Qc8 20.Qf3 Nf4 21.Rad1 g5 22.Bg3 Ne7 23.h4 c5
24.dxc5 dxc5 25.hxg5 hxg5 26.Bxf4 gxf4 27.Qh5+ Kg8 28.Nf5 Nxf5 29.exf5 e4
30.Qg5 Re5 31.Bxe4 Bxe4 32.Rxe4 Rxf5 33.Qg4 f3 34.Rde1 Rf6 35.Qxc8+ Rxc8
36.Re8+ Rxe8 37.Rxe8+ Kh7 38.Nxc5 Rc6 39.Nd3 Rd6 40.Re3 fxg2 41.Kxg2 Bh6
42.Rg3 a5 43.Kf1 f6 44.Ke2 Re6+ 45.Kd1 Rd6 46.Kc2 Re6 47.Kd1 Rd6 48.b3 Rd7
49.Kc2 Rc7 50.Rf3 Kg6 51.Nf4+ Bxf4 52.Rxf4 f5 53.Kd3 Re7 54.a4 Re5 55.Rd4 bxa4
56.bxa4 Kf6 57.c4 Ke6 58.Rd8 Rc5 59.Kd4 Rc7 60.Rd5 Ra7 61.f4 Ra8 62.c5 Rc8
63.Rd6+ Ke7 64.Kd5 Rb8 65.Re6+ Kd8 66.Rb6 Ra8 67.Kd6 Kc8 68.c6 Ra7 69.Rb7 Ra6
70.Rf7 Kb8 71.Kd7 Ra7+ 72.Ke6 Ra6 73.Kd6 Ka8 74.Kd7  1-0

[Event "TCh-CZE 2001-2"]
[Site "CZE"]
[Date "2002.03.09"]
[Round "8"]
[White "Jansa,Vl"]
[Black "Stocek,J"]
[Result "0-1"]
[WhiteElo "2496"]
[BlackElo "2545"]

1.e4 e5 2.Nf3 Nc6 3.Bb5 a6 4.Ba4 Nf6 5.O-O Be7 6.Re1 b5 7.Bb3 d6 8.c3 O-O
9.h3 Bb7 10.d4 Re8 11.Nbd2 Bf8 12.d5 Nb8 13.Nf1 Nbd7 14.N3h2 Nc5 15.Bc2 c6
16.b4 Ncd7 17.dxc6 Bxc6 18.Bg5 Be7 19.Bxf6 Nxf6 20.Ng4 d5 21.Nxe5 Bb7 22.Nxf7 Kxf7
23.e5 Ne4 24.Rxe4 dxe4 25.Bb3+ Kg6 26.Qg4+ Kh6 27.Ng3 g6 28.Rd1 Qc7 29.Rd7 Qxe5
30.Rxb7 Bf6 31.Nf1 Re7 32.Rb6 Qxc3 33.Qe2 Bd4 34.Rd6 Rf8 35.Ne3 Bxe3 36.fxe3 Qxb4
37.Rxa6 Qc5 38.Qd2 Kg7 39.Rd6 b4 40.Kh2 Qe5+ 41.g3 Rf3  0-1

[Event "Anibal Open"]
[Site "Linares ESP"]
[Date "2002.03.09"]
[Round "9"]
[White "Moreno Carnero,J"]
[Black "Pilgaard,K"]
[Result "1-0"]
[WhiteElo "2503"]
[BlackElo "2400"]

1.e4 e5 2.Nf3 Nc6 3.Bb5 a6 4.Ba4 Nf6 5.O-O Be7 6.Re1 b5 7.Bb3 d6 8.c3 O-O
9.h3 Bb7 10.d4 Re8 11.Nbd2 Bf8 12.d5 Nb8 13.Nf1 Nbd7 14.N3h2 Nc5 15.Bc2 c6
16.b4 Ncd7 17.dxc6 Bxc6 18.Bg5 h6 19.Bxf6 Nxf6 20.Ng4 Nxg4 21.Qxg4 Qc8 22.Qf3 Re6
23.Bb3 Rf6 24.Qd3 Qb7 25.f3 Rc8 26.Ne3 Qb6 27.a4 Rg6 28.Kh2 Be7 29.g3 Bd7
30.Re2 Qd8 31.axb5 axb5 32.Ra7 Bf8 33.h4 Be7 34.Nf5 Bf8 35.Rea2 Rf6 36.Kg2 Be6
37.Bd5 Bxd5 38.Qxd5 g6 39.Ne3 Rxc3 40.Qd2 Rc8 41.Nd5 Re6 42.Rb7 Qe8 43.Raa7 Rb8
44.Rxf7 Qxf7 45.Rxf7 Kxf7 46.Qa2 Rc8 47.Qa6 Rc2+ 48.Kh3 Rf2 49.Qa7+  1-0

[Event "Open"]
[Site "Reykjavik ISL"]
[Date "2002.03.12"]
[Round "6"]
[White "Shahade,J"]
[Black "Edvardsson,K"]
[Result "1-0"]
[WhiteElo "2302"]
[BlackElo "2239"]

1.e4 e5 2.Nf3 Nc6 3.Bb5 a6 4.Ba4 Nf6 5.O-O Be7 6.Re1 b5 7.Bb3 d6 8.c3 O-O
9.h3 Bb7 10.d4 Re8 11.Nbd2 Bf8 12.a3 h6 13.Ba2 Qd7 14.Qc2 g6 15.Nf1 Bg7 16.Ng3 Nd8
17.Be3 Rc8 18.Rad1 exd4 19.cxd4 Nxe4 20.Bxh6 Bxh6 21.Nxe4 Bg7 22.Neg5 Rxe1+
23.Rxe1 Bxf3 24.Qxg6 Bc6 25.Nh7 Kh8 26.Qh5 Kg8 27.d5 Bxd5 28.Bxd5 c6 29.Be4 Qe6
30.Ng5 Qh6 31.Qg4 Rb8 32.Bh7+ Kf8 33.Qd7 Be5 34.f4 Bd4+ 35.Kh1 Qf6 36.Re8+ Kg7
37.Rg8+ Kh6 38.Qg4 Bf2 39.g3  1-0

[Event "SVK-Cup"]
[Site "Trencianske Teplice SVK"]
[Date "2002.03.30"]
[Round "2"]
[White "Rigo,Z"]
[Black "Kotan,L"]
[Result "1-0"]
[WhiteElo "2363"]
[BlackElo "2350"]

1.e4 e5 2.Nf3 Nc6 3.Bb5 a6 4.Ba4 Nf6 5.O-O Be7 6.Re1 b5 7.Bb3 d6 8.c3 O-O
9.h3 Bb7 10.d4 Re8 11.a4 h6 12.d5 Na5 13.Ba2 c6 14.Na3 cxd5 15.exd5 bxa4
16.Qxa4 Nxd5 17.Rd1 e4 18.Rxd5 exf3 19.Rxa5 Bf6 20.Be3 fxg2 21.Bd5 Re5 22.Rd1 Rb8
23.Nc4 Qc8 24.Bxb7 Rxb7 25.Kxg2 Re4 26.b3 Rh4 27.Rh1 Bxc3 28.Rxa6 Qe6 29.Rxd6 Qe4+
30.f3 Qc2+ 31.Bf2 Rxb3 32.Qe8+ Kh7 33.Ne3 Qg6+ 34.Rxg6  1-0

[Event "ch-CUB"]
[Site "Holguin City CUB"]
[Date "2002.04.07"]
[Round "7"]
[White "Dominguez,L"]
[Black "Vazquez,R"]
[Result "1-0"]
[WhiteElo "2594"]
[BlackElo "2442"]

1.e4 e5 2.Nf3 Nc6 3.Bb5 a6 4.Ba4 Nf6 5.O-O Be7 6.Re1 b5 7.Bb3 d6 8.c3 O-O
9.h3 Bb7 10.d4 Re8 11.Nbd2 Bf8 12.a3 Nb8 13.dxe5 dxe5 14.Ng5 Re7 15.Nxf7 Rxf7
16.Nf3 Qxd1 17.Rxd1 c5 18.Be6 Bxe4 19.Nxe5 Ra7 20.f3 Bg6 21.Rd8 Nfd7 22.Nxg6 hxg6
23.Rc8 Rb7 24.Bf4 Rb6 25.Bd5 g5 26.Bc7 Rc6 27.Re1 Nf6 28.Bxf7+ Kxf7 29.Rxf8+ Kxf8
30.Bxb8 Kf7 31.Kf1 Nd7 32.Bg3 c4 33.Bf2 Nc5 34.Bxc5 Rxc5 35.Rd1 Ke7 36.Kf2 a5
37.Rd4 Kf6 38.Rd6+ Ke7 39.Rb6 Re5 40.Kg3 Kf7 41.Kg4 g6 42.f4 gxf4 43.Kxf4 Re2
44.Rxb5 Rxg2 45.a4 Rh2 46.Rxa5 Rxh3 47.Rb5 Rh1 48.Ke5 Rd1 49.Rb7+ Ke8 50.Rb4 Rd2
51.a5 Kd7 52.a6 Kc6 53.Ra4 Rd8 54.a7 Kb7 55.a8=Q+  1-0